000 nam a22 7a 4500
999 _c8466
_d8466
008 180116b ||||| |||| 00| 0 eng d
100 _aSharma.H.L.
_94864
245 _aEnvironmental Studies
260 _aNew Delhi
_bArya
_c2008